[Event "Mahalla op 14th"]
[Site "Mahalla"]
[Date "2012.07.10"]
[Round "2"]
[White "Balat, Mohamed"]
[Black "Zayan, Osama"]
[Result "0-1"]
[WhiteElo "2037"]
[BlackElo "2236"]
[PlyCount "66"]
[EventDate "2012.07.09"]
[EventType "swiss"]
[EventRounds "9"]
[EventCountry "EGY"]
[SourceTitle "EXT 2019"]
[Source "ChessBase"]
[SourceDate "2018.10.10"]
[SourceVersion "1"]
[SourceVersionDate "2018.10.10"]
[SourceQuality "1"]

1. d4 Nf6 2. c4 c5 3. d5 b5 4. cxb5 a6 5. e3 axb5 6. Bxb5 Bb7 7. Nc3 e6 8. Bc4 Qa5 9. Bd2 Qb6 10. e4 Nxe4 11. Nxe4 exd5 12. Nxc5 Bxc5 13. Bd3 Bxf2+ 14. Kf1 Bxg1 15. Qe2+ Qe6 16. Rxg1 0-0 17. Bb4 Rc8 18. Re1 Nc6 19. Qf2 Ne5 20. Qh4 h6 21. Bc3 d6 22. a3 Ba6 23. Bxa6 Rxa6 24. Qf2 Ra4 25. Rh1 d4 26. Bb4 Qc4+ 27. Qe2 Nd3 28. Rd1 Nxb4 29. Qxc4 Rxc4 30. b3 Nd5 31. Rb1 Ne3+ 32. Ke1 Rc2 33. bxa4 d3 0-1